| 000 | 00896nam a22002651 4500 | ||
|---|---|---|---|
| 001 | 9064 | ||
| 003 | BD-RjUL | ||
| 005 | 20211208234717.0 | ||
| 008 | 140120s1966 maua 001 0 eng | ||
| 035 | _a(BD-RjUL)9109 | ||
| 040 |
_aDLC/ICU _cICU _dDLC _dBD-RjUL _beng |
||
| 041 | _aeng | ||
| 082 | 0 | 0 |
_223 _a539.7 _bWEP 1966 |
| 100 | 1 |
_aWehr, M. Russell _q(Mentzer Russell), _d1902- _928139 |
|
| 245 | 1 | 0 |
_aPhysics of the atom / _cM. Russell Wehr and James A. Richards, Jr. |
| 260 |
_aReading, Mass. : _bAddison-Wesley Pub. Co. , _cc1966 |
||
| 300 |
_axi, 420 p. : _billus. ; _c21 cm. |
||
| 504 | _aIncludes index | ||
| 650 | 0 |
_aMatter _xConstitution. _925294 |
|
| 650 | 0 |
_aNuclear physics. _928141 |
|
| 700 | 1 |
_aRichards, James A. _q(James Austin), _d1916- _ejoint author. _928142 |
|
| 942 |
_2ddc _cBK |
||
| 999 |
_c9064 _d9064 |
||